LEADER 01112nkm1-2200349---450- 001 990005575140203316 005 19981214 035 $a000557514 035 $aUSA01000557514 035 $a(ALEPH)000557514USA01 035 $a000557514 100 $a19981214d1990----|||y0itaa50------ba 101 $aeng 102 $agb 105 $a0 00||| 200 1 $aMoral philosophy from Montaigne to Kant$ean anthology$fedited and with introductions by J.B. Schneewind 210 $aCambridge$cCambridge University press$d1990 215 $a2 v.$d24 cm. 463 \1$1001990005575150203316$12001 $aMoral philosophy from Montaigne to Kant. Volume 1 463 \1$1001990005575160203316$12001 $aMoral philosophy from Montaigne to Kant. Volume 2 606 $aEtica$xAntologie$2F 620 $dCAMBRIDGE 676 $a170 702 1$aSCHNEEWIND,$bJerome B. 712 02$aCAMBRIDGE UNIVERSITY PRESS 801 0$aIT$bSA$c20111219 912 $a990005575140203316 959 $aBK 969 $aFIL 979 $c20121027$lUSA01$h1525 996 $aMoral philosophy from Montaigne to Kant$91132220 997 $aUNISA LEADER 00933nam a2200265 i 4500 001 991002604939707536 005 20020503171204.0 008 970925s1966 it ||| | ita 020 $a8815054987 035 $ab1038893x-39ule_inst 035 $aEXGIL106813$9ExL 040 $aDip.to Filol. Ling. e Lett.$bita 082 0 $a177.1 100 1 $aAxia, Giovanna$0242213 245 10$aElogio della cortesia :$bl'attenzione per gli altri come forma di intelligenza /$cGiovanna Axia 260 $aBologna :$bIl Mulino,$c[c1966] 300 $a133 p. ;$c21 cm. 490 0 $aIntersezioni ;$v164 650 4$aCortesia 907 $a.b1038893x$b21-02-17$c27-06-02 912 $a991002604939707536 945 $aLE008 FL.M. SCL B 34$g1$i2008000453602$lle008$o-$pE0.00$q-$rl$s- $t0$u2$v0$w2$x0$y.i10453982$z27-06-02 996 $aElogio della cortesia$9219970 997 $aUNISALENTO 998 $ale008$b01-01-97$cm$da $e-$fita$git $h0$i1